Der Landkreis Spree-Neiße und seine sorbische/wendische Kulturgeschichte. Der Altkreis Spremberg
| Titel: | Der Landkreis Spree-Neiße und seine sorbische/wendische Kulturgeschichte. Der Altkreis Spremberg = Wokrejs Sprewja-Nysa a jogo serbska kulturna historija. Něgajšny wokrejs Grodk / Katja Atanasov ; Alfred Roggan ; Peter Schurmann |
|---|---|
| Verfasser: | ; ; |
| Körperschaft: | |
| Veröffentlicht: | Cottbus : Wendisches Museum, 2022/2023 |
| Umfang: | 217 Seiten : Illustrationen, Karten |
| Format: | Buch |
| Sprache: | Deutsch |
| Schriftenreihe/ mehrbändiges Werk: |
Sorbische Kostbarkeiten ; Ausgabe 10 (2022/2023) |
| ISBN: | 9783869295282 |
alg: 53167380 001A $03025:11-07-25 001B $03025:11-07-25 $t09:36:13.000 001D $03025:11-07-25 001U $0utf8 001X $00 002@ $0Aax 002C $aText $btxt $2rdacontent 002D $aohne Hilfsmittel zu benutzen $bn $2rdamedia 002E $aBand $bnc $2rdacarrier 003@ $0531673804 004A $A978-3-86929-528-2 007A $0BV049631640 $aBVB 010@ $ager 010E $erda 011@ $a2023 $n2022/2023 021A $aDer @Landkreis Spree-Neiße und seine sorbische/wendische Kulturgeschichte. Der Altkreis Spremberg $fWokrejs Sprewja-Nysa a jogo serbska kulturna historija. Něgajšny wokrejs Grodk $hKatja Atanasov ; Alfred Roggan ; Peter Schurmann 028A $BVerfasser $#Atanasowa, Katja $4aut $71095523775 $8Atanasov, Katja$Z1970- [Tp3] $9377860727 028C $BVerfasser $4aut $71095557777 $8Roggan, Alfred$Z1949- [Tp3] $9377867020 028C $BVerfasser $#Šurman, Pětš $4aut $714276714X $8Schurmann, Peter$Z1961- [Tp3] $9228614627 029F $BHerausgebendes Organ $#Serbski Muzej Cottbus $4isb $75245538-5 $8Wendisches Museum Cottbus [Tb1] $905334975X 033A $pCottbus $nWendisches Museum 034D $a217 Seiten 034M $aIllustrationen, Karten 036E $aSorbische Kostbarkeiten $lAusgabe 10 (2022/2023) 044K $qBVB $RLandkreis Spree-Neiße $RKreis Spremberg $#Spremberg Kreis $#Spremberg Landkreis $74056534-8 $8Landkreis Spremberg [Tg1] $9085157333 044K $qBVB $RSorbin $RElb- und Ostseeslawen $#Sorbs $#Sorabes $#Sorbe $#Wenden $#Serbja obersorbisch $#Serby niedersorbisch $74055619-0 $8Sorben [Ts1] $9085154792 044K $qBVB $RKulturphilosophie $RZivilisation $#Civilization $#Culture $#Civilisation $#Culture $#Cultura $#Civilización $#Kultur $#Kultur $#kulturelle Faktoren $74125698-0 $8Kultur [Tsz] $9085424803 045F $a306.0943151 $eDDC22BSB 045F/01 $a306.09 045F/03 $g43151 045T $a8,1 lok: 53167380 78 exp: 53167380 78 1 #EPN 201B/01 $011-07-25 $t09:36:13.000 201C/01 $011-07-25 201U/01 $0utf8 203@/01 $01313837466 208@/01 $a11-07-25 $be 209A/01 $a/ $f000 $x00 209A/01 $ab*p $x01 220C/01 $apgar 244Z/01 $#Germania Slavica $#"Germania Slavica" $#Germania Slavica $#Germania Slavica $#Germania Slavica $#Germania Slavica $#Germania Slavica $8--Trx--Germania Slavica $x11 $9391371002 247C/01 $82080>Marburg/Lahn, Herder-Institut, Forschungsbibliothek, Bibliographieportal $9336309341
| LEADER | 00000nam a22000002c 4500 | ||
|---|---|---|---|
| 001 | 531673804 | ||
| 003 | DE-603 | ||
| 005 | 20250711093613.0 | ||
| 007 | tu | ||
| 008 | 250711s2023 xx |||| | u00||u|ger c | ||
| 020 | |a 9783869295282 | ||
| 035 | |a (DE-599)BVBBV049631640 | ||
| 040 | |a DE-603 |b ger |c DE-603 |d DE-603 |e rda | ||
| 041 | |a ger | ||
| 082 | 0 | 4 | |8 1\u |a 306.0943151 |q DE-101 |2 22/BSB |
| 084 | |a 8,1 |2 ssgn | ||
| 085 | |8 1\u |b 306.09 | ||
| 085 | |8 1\u |z 2 |s 43151 | ||
| 100 | 1 | |a Atanasov, Katja |d 1970- |e Verfasser |4 aut |0 (DE-603)377860727 |0 (DE-588)1095523775 |2 gnd | |
| 245 | 0 | 0 | |a Der Landkreis Spree-Neiße und seine sorbische/wendische Kulturgeschichte. Der Altkreis Spremberg |b = Wokrejs Sprewja-Nysa a jogo serbska kulturna historija. Něgajšny wokrejs Grodk |c Katja Atanasov ; Alfred Roggan ; Peter Schurmann |
| 264 | 1 | |a Cottbus |b Wendisches Museum |c 2022/2023 | |
| 300 | |a 217 Seiten |b Illustrationen, Karten | ||
| 336 | |a Text |b txt |2 rdacontent | ||
| 337 | |a ohne Hilfsmittel zu benutzen |b n |2 rdamedia | ||
| 338 | |a Band |b nc |2 rdacarrier | ||
| 490 | 0 | |a Sorbische Kostbarkeiten |v Ausgabe 10 (2022/2023) | |
| 650 | 7 | |a Sorben |0 (DE-588)4055619-0 |0 (DE-603)085154792 |2 gnd | |
| 650 | 7 | |a Kultur |0 (DE-588)4125698-0 |0 (DE-603)085424803 |2 gnd | |
| 651 | 7 | |a Landkreis Spremberg |0 (DE-588)4056534-8 |0 (DE-603)085157333 |2 gnd | |
| 700 | 1 | |a Roggan, Alfred |d 1949- |e Verfasser |4 aut |0 (DE-603)377867020 |0 (DE-588)1095557777 |2 gnd | |
| 700 | 1 | |a Schurmann, Peter |d 1961- |e Verfasser |4 aut |0 (DE-603)228614627 |0 (DE-588)14276714X |2 gnd | |
| 710 | 2 | |a Wendisches Museum Cottbus |e Herausgebendes Organ |4 isb |0 (DE-603)05334975X |0 (DE-588)5245538-5 |2 gnd | |
| 924 | 0 | |9 2080 |a (DE-603)1313837466 |b DE-2080 |c HES |d d |g / | |


